000 00515nam a2200205Ia 4500
005 20250923150159.0
008 008 250917s9999 xx 000 0 eng d
037 _aTextual
040 _aDSWL
_beng
_cDSWL
041 _aeng
_2eng
084 _qDSWL
100 _aLal, Das D.K
_9843114
245 0 _aDesign of social research
_cby Das D.K Lal
260 _aJaipur
_bRawat
_c2005
300 _a318 p.
365 _aINR
_b550 .0
925 _g550 .0
942 _cTEXL
999 _c1460494
_d1460494